000 00799nam a2200241 i 4500
001 140918
003 ES-MaACL
005 20250822060840.0
007 t|
008 070918s1971 sp ||||1| spa d
080 _a860 Espronceda, José 1.06
100 0 _aYnduráin, Domingo,
_d1943-2003
_9117645
245 1 0 _aAnálisis formal de la poesía de Espronceda /
_cDomingo Ynduráin ; prólogo de Rafael Lapesa.
260 _a[Madrid] :
_bTaurus,
_c[1971]
300 _a644 p. ;
_c21 cm.
490 1 _aPersiles ;
_v43
600 1 4 _aEspronceda, José de,
_d1808-1842-
_xCrítica e interpretación
_947952
700 0 _aLapesa, Rafael,
_d1908-2001
_970146
830 0 0 _aPersiles ;
_v43
_9236720
852 _aES-MaACL
_jC-39128
_bR.79543
942 _2udc
999 _c140918
_d140918